Statistics for What Color Is Not In The Countries Flag - 1

Click here to take the quiz!

General Stats

  • This quiz has been taken 16 times
  • The average score is 12 of 15

Answer Stats

QuestionAnswer% Correct
Germany
100%
Egypt
100%
Russia
100%
Argentina
100%
Luxembourg
91%
Cameroon
91%
Brazil
82%
Jamaica
73%
Barbados
73%
Italy
73%
India
64%
Mauritius
64%
Guyana
55%
Cambodia
55%
Nicaragua
45%

Score Distribution

Percentile by Number Answered

Percent of People with Each Score

Your Score History

You have not taken this quiz